[Event "East Lansing (MI Op/5/22)"]
[Site "?"]
[Date "1985.??.??"]
[Round "?"]
[White "Almquist, W.."]
[Black "Chen, F.."]
[Result "0-1"]
[WhiteElo "1735"]
[BlackElo "1930"]
[PlyCount "46"]
[EventDate "1985.??.??"]

{5/(22)} 1. e4 e5 2. d4 exd4 3. Nf3 Nc6 4. Nxd4 Qh4 5. Qd3 Bc5 6. g3 Qf6 7. c3
Nxd4 8. cxd4 Bxd4 9. Qc2 Qf3 10. Rg1 Nf6 11. Bg2 Qh5 12. h3 O-O 13. Bf4 d5 14.
Nd2 dxe4 15. g4 Qb5 16. O-O-O Bxf2 17. Nxe4 Nxe4 18. Bxe4 Bxg1 19. Bxh7+ Kh8
20. Rxg1 Be6 21. Bd3 Qb4 22. Qf2 Kg8 23. Qh4 Qxf4+ 0-1

[Event "East Detroit (MCO/3/42)"]
[Site "?"]
[Date "1985.??.??"]
[Round "?"]
[White "Allen, L.."]
[Black "Garth, K.."]
[Result "0-1"]
[WhiteElo "1605"]
[BlackElo "1655"]
[PlyCount "92"]
[EventDate "1985.??.??"]

{3/(42)} 1. d4 Nf6 2. e3 e6 3. Bd3 b6 4. f4 Bb7 5. Nf3 Be7 6. Nbd2 d5 7. O-O c5
8. c3 Nbd7 9. Ne5 Qc7 10. Qf3 Bd6 11. Qg3 g6 12. Bb5 a6 13. Bxd7+ Nxd7 14. Ndf3
f6 15. Ng4 g5 16. Nh6 Nf8 17. Qh3 gxf4 18. exf4 O-O-O 19. Bd2 Kb8 20. Rae1 Bc8
21. Qh5 Bd7 22. Qf7 Ng6 23. Qxf6 Be7 24. Qf7 Rdf8 25. Qg7 Bf6 26. Qxh8 Nxh8 27.
Ne5 Bb5 28. Rf3 Bxe5 29. dxe5 Qe7 30. f5 exf5 31. e6 Ng6 32. Nxf5 Qc7 33. Bh6
Re8 34. Ng7 Re7 35. Nf5 Re8 36. Ng7 Qd8 37. Nxe8 Bxe8 38. e7 Qd7 39. Bf8 Qg4
40. Bg7 Kc8 41. Bf8 Nf4 42. Rxf4 Qxf4 43. Rf1 Qe3+ 44. Kh1 Bb5 45. Bh6 Qxe7 46.
Rf8+ Kd7 0-1

[Event "East Detroit (MCO/6/48)"]
[Site "?"]
[Date "1985.??.??"]
[Round "?"]
[White "Allen, L.."]
[Black "Galazyn, R.."]
[Result "1-0"]
[WhiteElo "1605"]
[BlackElo "1605"]
[PlyCount "83"]
[EventDate "1985.??.??"]

{6/(48)} 1. d4 d5 2. e3 g6 3. Nf3 Bg7 4. c4 c6 5. Nc3 Nf6 6. Bd3 O-O 7. Qb3 e6
8. Bd2 Na6 9. Rc1 Nc7 10. Ne5 Nh5 11. cxd5 Bxe5 12. dxe5 cxd5 13. Ne2 b6 14.
O-O Na6 15. Qc2 Nc5 16. Bb4 Nxd3 17. Qxd3 Re8 18. Nd4 Bd7 19. Rc2 a5 20. Bd6
Ng7 21. Bc7 Qe7 22. Bxb6 Qb4 23. Bc5 Qb7 24. Rfc1 Rec8 25. Rc3 Qxb2 26. a3 Rab8
27. R3c2 Qb1 28. Qd2 Qb7 29. Qxa5 Ra8 30. Qd2 Rxa3 31. Bxa3 Rxc2 32. Qxc2 Nf5
33. Bd6 Nxd6 34. exd6 e5 35. Qc7 Qb2 36. Nf3 e4 37. Nd4 Kf8 38. h4 h5 39. g3
Bg4 40. Qc3 Qb6 41. Nb3 Bd7 42. Qh8# 1-0

[Event "East Detroit (MCO/5/48)"]
[Site "?"]
[Date "1985.??.??"]
[Round "?"]
[White "Allen, L.."]
[Black "Branscum, J.."]
[Result "0-1"]
[WhiteElo "1605"]
[BlackElo "1605"]
[PlyCount "86"]
[EventDate "1985.??.??"]

{5/(48)} 1. e4 e5 2. Nf3 Nc6 3. d4 d6 4. Bb5 Bd7 5. O-O Nf6 6. dxe5 dxe5 7. Nc3
a6 8. Bxc6 Bxc6 9. Nxe5 Nxe4 10. Nxc6 Qxd1 11. Nxd1 bxc6 12. Re1 O-O-O 13. Ne3
Bc5 14. c3 Rd7 15. b4 Bxe3 16. Bxe3 Nxc3 17. a4 Rhd8 18. b5 cxb5 19. axb5 axb5
20. Ra8+ Kb7 21. Ra7+ Kb8 22. g3 b4 23. Kg2 Nd5 24. Ra5 c6 25. Rea1 Nxe3+ 26.
fxe3 b3 27. R5a4 Rb7 28. Rb1 c5 29. Rc4 Rc8 30. Kf2 h5 31. Ke2 g5 32. h3 Rc6
33. Kd3 Kc7 34. Kc3 Kd6 35. Rxb3 Rxb3+ 36. Kxb3 Ke5 37. Kc3 f5 38. Kd3 Kd5 39.
Kc3 Re6 40. Kd3 Rxe3+ 41. Kxe3 Kxc4 42. Kd2 Kd4 43. g4 hxg4 0-1

[Event "East Detroit (MCO/6/37)"]
[Site "?"]
[Date "1985.??.??"]
[Round "?"]
[White "Alayli, S.."]
[Black "Thomas, Jeff"]
[Result "1/2-1/2"]
[WhiteElo "1605"]
[BlackElo "1605"]
[PlyCount "171"]
[EventDate "1985.??.??"]

{6/(37)} 1. e4 e5 2. Nf3 Nf6 3. Nc3 Bb4 4. Qe2 O-O 5. a3 Bxc3 6. bxc3 d5 7. d3
Nc6 8. Bg5 Bg4 9. h3 Be6 10. Bxf6 Qxf6 11. g3 dxe4 12. Qxe4 Bf5 13. Qh4 Qxh4
14. Nxh4 Bd7 15. Bg2 Na5 16. Rb1 c6 17. O-O f6 18. Nf3 Rfe8 19. Nd2 Rad8 20.
Ne4 b6 21. g4 f5 22. gxf5 Bxf5 23. Rfe1 c5 24. Ng3 Bg6 25. c4 Nxc4 26. dxc4
Bxc2 27. Rb2 Rd2 28. Be4 Rd1 29. Rxd1 Bxd1 30. Rd2 Ba4 31. Bd5+ Kf8 32. Nf5 g6
33. Ne3 Ke7 34. Kg2 Rd8 35. Ng4 Bc6 36. Nxe5 Bxd5+ 37. cxd5 Kf6 38. Ng4+ Kf5
39. Ne3+ Ke4 40. d6 Ke5 41. Nc4+ Ke6 42. a4 a6 43. Nxb6 Rxd6 44. Rxd6+ Kxd6 45.
Kf3 Kc6 46. Nc4 Kd5 47. Ne3+ Kc6 48. Nc4 Kd5 49. Ne3+ Kd4 50. Ke2 Kc3 51. Nd5+
Kb3 52. a5 Ka4 53. Kd3 Kb5 54. Kc3 Kxa5 55. Kc4 Ka4 56. Kxc5 Ka3 57. Kb6 Kb3
58. Kxa6 Kc4 59. Nf6 g5 60. Ng8 Kd3 61. Ne7 h5 62. Nd5 h4 63. f4 g4 64. f5 gxh3
65. f6 h2 66. f7 h1=Q 67. Nb4+ Kc4 68. f8=Q Qa1+ 69. Kb6 Qd4+ 70. Kc6 Qe4+ 71.
Kd7 Qb7+ 72. Ke6 Qb6+ 73. Kd7 Qc5 74. Qf4+ Qd4+ 75. Nd5 Kxd5 76. Qf5+ Kc4+ 77.
Ke6 Qb6+ 78. Kf7 Qc5 79. Qf1+ Kd5 80. Qf3+ Kd6 81. Qf4+ Kd7 82. Qxh4 Qd5+ 83.
Kg6 Qg8+ 84. Kf5 Qe6+ 85. Kf4 Qf7+ 86. Kg3 1/2-1/2

[Event "East Detroit (MCO/2/45)"]
[Site "?"]
[Date "1985.??.??"]
[Round "?"]
[White "Alayli, S.."]
[Black "Mellen, Steve"]
[Result "1-0"]
[WhiteElo "1605"]
[BlackElo "1605"]
[PlyCount "159"]
[EventDate "1985.??.??"]

{2/(45)} 1. e4 Nf6 2. e5 Nd5 3. d4 d6 4. c4 Nb6 5. exd6 cxd6 6. Be3 Bf5 7. Nc3
g6 8. Bd3 Bxd3 9. Qxd3 Bg7 10. Nf3 O-O 11. O-O Qc7 12. b3 a5 13. Nb5 Qc8 14.
Rfe1 a4 15. Bf4 Re8 16. Rad1 axb3 17. axb3 Na6 18. Qd2 Nc7 19. Nxc7 Qxc7 20.
Ng5 Ra3 21. Qe3 Qc8 22. Rd3 d5 23. c5 Nd7 24. b4 Rxd3 25. Qxd3 b6 26. Rc1 Qb7
27. c6 Qc8 28. cxd7 Qxd7 29. h3 e5 30. dxe5 Bxe5 31. Bxe5 Rxe5 32. Nf3 Re4 33.
b5 Rb4 34. Rc6 Qd8 35. Qc3 Rc4 36. Rxc4 dxc4 37. Qxc4 Qd1+ 38. Kh2 Qd6+ 39. g3
Qf6 40. Qc6 Qf5 41. Qe8+ Kg7 42. Qe5+ Qf6 43. Qxf6+ Kxf6 44. Nd2 Ke6 45. Nc4
Kd5 46. Nxb6+ Kc5 47. Nd7+ Kxb5 48. Ne5 f5 49. Nf7 Kc5 50. Ng5 h5 51. Nh7 Kd5
52. Nf8 g5 53. Nh7 g4 54. h4 Ke5 55. Kg2 f4 56. Kf1 fxg3 57. fxg3 Ke4 58. Kf2
Kf5 59. Ke3 Ke5 60. Nf8 Kf5 61. Kd4 Kf6 62. Ke4 Kg7 63. Ne6+ Kf6 64. Nf4 Kg7
65. Nxh5+ Kh6 66. Nf4 Kg7 67. Kf5 Kh6 68. Kxg4 Kh7 69. h5 Kh6 70. Nh3 Kg7 71.
Kf5 Kh6 72. g4 Kh7 73. g5 Kg7 74. Ke6 Kg8 75. Kf6 Kf8 76. g6 Kg8 77. h6 Kh8 78.
Ng5 Kg8 79. h7+ Kh8 80. Nf7# 1-0

[Event "East Detroit (MCO/4/43)"]
[Site "?"]
[Date "1985.??.??"]
[Round "?"]
[White "Alayli, S.."]
[Black "Feldman, J.."]
[Result "1-0"]
[WhiteElo "1605"]
[BlackElo "1605"]
[PlyCount "37"]
[EventDate "1985.??.??"]

{4/(43)} 1. e4 e5 2. Nf3 Nc6 3. Bb5 a6 4. Ba4 Nf6 5. O-O b5 6. Bb3 d6 7. Ng5
Be6 8. Bxe6 fxe6 9. Nxe6 Qe7 10. Nxf8 Rxf8 11. d3 O-O-O 12. a4 Qf7 13. axb5
axb5 14. Nc3 Nd4 15. Be3 c6 16. Bxd4 exd4 17. Ne2 c5 18. Ng3 Ng4 19. Qxg4+ 1-0

[Event "Westland (SEMO Res/2/40)"]
[Site "?"]
[Date "1985.??.??"]
[Round "?"]
[White "Aguilar, Javier"]
[Black "Wheeler, R.."]
[Result "0-1"]
[WhiteElo "1605"]
[BlackElo "1605"]
[PlyCount "80"]
[EventDate "1985.??.??"]

{2/(40)} 1. d4 d5 2. c4 c6 3. Nc3 Nf6 4. e3 e6 5. Bd3 dxc4 6. Bxc4 b5 7. Bd3 a6
8. f3 Nbd7 9. Nge2 Bb7 10. e4 Be7 11. Ng3 h6 12. e5 Nd5 13. O-O O-O 14. a3 c5
15. Nxd5 Bxd5 16. Be4 cxd4 17. Bxd5 exd5 18. Qxd4 Bc5 19. Qxc5 Nxc5 20. b4 Nb3
21. Ra2 Nxc1 22. Rxc1 Rc8 23. Rd1 Qb6+ 24. Kf1 Rfd8 25. Nf5 Qe6 26. Nd6 Rc7 27.
Re2 Rc3 28. Nb7 Rdc8 29. Nc5 Qf5 30. Kf2 Rxa3 31. Rxd5 Qb1 32. Rd4 Ra2 33. Rxa2
Qxa2+ 34. Kg3 a5 35. Nb7 axb4 36. Rxb4 Qa6 37. Nd6 Rc5 38. Rf4 Rxe5 39. Nxf7
Qg6+ 40. Kf2 Qxf7 0-1

[Event "East Detroit (MCO/5/32)"]
[Site "?"]
[Date "1985.??.??"]
[Round "?"]
[White "Accad, W.."]
[Black "Hobbs, Raymond"]
[Result "0-1"]
[WhiteElo "1605"]
[BlackElo "1675"]
[PlyCount "66"]
[EventDate "1985.??.??"]

{5/(32)} 1. d4 e6 2. Nf3 f5 3. g3 Nf6 4. Bg2 d5 5. O-O c5 6. Nbd2 cxd4 7. Nxd4
Nc6 8. c3 e5 9. Nxc6 bxc6 10. c4 e4 11. Qa4 Bd7 12. e3 Qb6 13. Qc2 a5 14. b3
Bc5 15. Bb2 O-O 16. Rfd1 Rf7 17. Nf1 Be6 18. Bd4 Bxd4 19. exd4 f4 20. Rac1 f3
21. Bh1 Bh3 22. Ne3 Ng4 23. Qd2 Nxe3 24. Qxe3 Rf5 25. cxd5 cxd5 26. Rc5 Qb7 27.
Rdc1 h6 28. a4 Raf8 29. Rc7 Qa6 30. R7c6 Qd3 31. Qxd3 exd3 32. R6c3 d2 33. Rd1
Re8 0-1

[Event "East Detroit (MCO/3/18)"]
[Site "?"]
[Date "1985.??.??"]
[Round "?"]
[White "Accad, W.."]
[Black "Darbro, D.."]
[Result "1/2-1/2"]
[WhiteElo "1605"]
[BlackElo "2010"]
[PlyCount "103"]
[EventDate "1985.??.??"]

{3/(18)} 1. d4 e6 2. Nf3 f5 3. g3 b6 4. Bg2 Bb7 5. O-O Nf6 6. c4 g6 7. Nc3 Bg7
8. Bg5 d6 9. Re1 O-O 10. e4 h6 11. Bxf6 Rxf6 12. e5 dxe5 13. Nxe5 Bxg2 14. Kxg2
Nd7 15. Nc6 Qf8 16. d5 exd5 17. Qxd5+ Rf7 18. Ne7+ Kh7 19. Qxd7 Rd8 20. Qxc7
Rd2 21. Ncd5 Bxb2 22. Rad1 Rc2 23. Qc6 Bf6 24. Qa4 Rb2 25. Qa3 Qg7 26. Re6 Bd4
27. Rf1 Bc5 28. Qxa7 Qd4 29. Ne3 f4 30. Qa8 Bxe7 31. Qe8 Qg7 32. gxf4 Rxa2 33.
Ng4 Qf8 34. Qxf8 Bxf8 35. Ne5 Rxf4 36. Rxb6 Rfxf2+ 37. Rxf2 Rxf2+ 38. Kxf2 Bc5+
39. Kf3 Bxb6 40. Ke4 h5 41. Kd5 g5 42. Nd7 Bg1 43. c5 Bxh2 44. Ne5 Bg1 45. c6
Bb6 46. Kd6 h4 47. Nc4 h3 48. Nxb6 h2 49. c7 h1=Q 50. c8=Q Qh2+ 51. Kc5 Qf2+
52. Kb5 1/2-1/2

[Event "East Detroit (MCO/2/31)"]
[Site "?"]
[Date "1985.??.??"]
[Round "?"]
[White "Accad, W.."]
[Black "Allen, L.."]
[Result "1-0"]
[WhiteElo "1605"]
[BlackElo "1605"]
[PlyCount "114"]
[EventDate "1985.??.??"]

{2/(31)} 1. d4 Nf6 2. g3 e6 3. Bg2 d5 4. Nf3 c5 5. c3 Be7 6. O-O O-O 7. Re1 Nc6
8. b3 Qc7 9. Bb2 cxd4 10. cxd4 Bb4 11. Nbd2 Ne4 12. a3 Bc3 13. Bxc3 Nxc3 14.
Qc2 Nb5 15. e4 Qb6 16. exd5 Ncxd4 17. Qd3 exd5 18. a4 Bf5 19. Qf1 Nc3 20. Re5
Rae8 21. Rae1 Rxe5 22. Rxe5 Be6 23. Qd3 Nxf3+ 24. Bxf3 Qc7 25. Rh5 g6 26. Rh4
Rd8 27. Qe3 a6 28. Qh6 f5 29. Bh5 Qg7 30. Qe3 Ne4 31. Be2 d4 32. Qd3 Nxd2 33.
Qxd2 Bxb3 34. Qb4 Be6 35. Qb6 Qd7 36. Bd3 Bf7 37. Kf1 Qc8 38. Rxd4 Rxd4 39.
Qxd4 Qc1+ 40. Kg2 Qc6+ 41. f3 Bd5 42. Kf2 b5 43. axb5 axb5 44. f4 Bc4 45. Ke3
Kf7 46. Qa7+ Kf8 47. Qb8+ Kg7 48. Qe5+ Kh6 49. Bxf5 Qb6+ 50. Kf3 gxf5 51. Qxf5
Qc6+ 52. Kf2 Qg6 53. Qf8+ Kh5 54. Qc5+ Kg4 55. Qc8+ Qf5 56. h3+ Kxh3 57. Qxf5+
Kh2 1-0

[Event "Trenton MIni-Swiss (January)"]
[Site "Trenton, Mich."]
[Date "1985.01.19"]
[Round "1"]
[White "Moody, David"]
[Black "Jackson, James"]
[Result "1/2-1/2"]
[WhiteElo "1994"]
[BlackElo "1841"]
[PlyCount "75"]
[EventDate "1985.01.19"]

1. e4 c5 2. Nc3 e6 3. Nf3 Nf6 4. d4 cxd4 5. Nxd4 d6 6. Bc4 Nc6 7. Bb3 a6 8. Be3
Be7 9. Qe2 Bd7 10. f4 Qa5 11. O-O-O O-O-O 12. g4 Nxd4 13. Bxd4 e5 14. fxe5 dxe5
15. Qc4+ Kb8 16. Bg1 Be6 17. Nd5 Nxd5 18. exd5 Bg5+ 19. Kb1 Bxd5 20. Ba7+ Kxa7
21. Rxd5 Rxd5 22. Qxd5 Qxd5 23. Bxd5 f6 24. Rd1 Rd8 25. c4 Kb6 26. b4 Kc7 27.
Kc2 Bf4 28. h3 b6 29. a4 g6 30. Be6 Rxd1 31. Kxd1 Kd6 32. Bg8 h6 33. Bh7 g5 34.
Kc2 a5 35. bxa5 bxa5 36. Kd3 Kc5 37. Bf5 Bh2 38. Bd7 1/2-1/2

[Event "Trenton MIni-Swiss (January)"]
[Site "Trenton, Mich."]
[Date "1985.01.19"]
[Round "2"]
[White "Kulbacki, Jim"]
[Black "Moody, David"]
[Result "1/2-1/2"]
[WhiteElo "2034"]
[BlackElo "1994"]
[PlyCount "31"]
[EventDate "1985.01.19"]

1. d4 Nf6 2. Nf3 e6 3. Bg5 c5 4. c3 Qb6 5. Qb3 Ne4 6. Nbd2 Nxg5 7. Nxg5 Be7 8.
Ngf3 d5 9. e3 Nc6 10. Qc2 Bd7 11. Be2 Rc8 12. Nb3 cxd4 13. exd4 Bf6 14. Qd2 O-O
15. O-O Qc7 16. Nc5 1/2-1/2

[Event "Trenton MIni-Swiss (January)"]
[Site "Trenton, Mich."]
[Date "1985.01.19"]
[Round "3"]
[White "Feldstein, Robert"]
[Black "Moody, David"]
[Result "0-1"]
[WhiteElo "1907"]
[BlackElo "1994"]
[PlyCount "68"]
[EventDate "1985.01.19"]

1. Nf3 Nf6 2. b4 g6 3. Bb2 Bg7 4. e4 d6 5. Bc4 O-O 6. d3 c6 7. Bb3 Qb6 8. Bc3
Ng4 9. d4 Na6 10. h3 Nf6 11. Nbd2 c5 12. Nc4 Qc7 13. dxc5 dxc5 14. b5 Nxe4 15.
Bxg7 Kxg7 16. bxa6 b5 17. Qd5 bxc4 18. Qxe4 Qa5+ 19. Ke2 cxb3 20. axb3 Bxa6+
21. c4 Qb6 22. h4 Rad8 23. h5 Rd6 24. hxg6 Re6 25. Ne5 fxg6 26. Rh3 Qd6 27. Re3
Qd4 28. Ra5 Qb2+ 29. Kd1 Rxf2 30. Re2 Rf1+ 31. Re1 Rxe1+ 32. Qxe1 Rd6+ 33. Nd3
Rxd3+ 34. Qd2 Qxd2# 0-1

[Event "Saginaw Sunday Quads (February)"]
[Site "Saginaw, Mich."]
[Date "1985.02.03"]
[Round "3"]
[White "Moody, David"]
[Black "Skidmore, Mike"]
[Result "1-0"]
[WhiteElo "1994"]
[BlackElo "1940"]
[PlyCount "51"]
[EventDate "1985.02.03"]

1. e4 c5 2. Nf3 d6 3. d4 cxd4 4. Nxd4 Nf6 5. Nc3 a6 6. Bg5 e6 7. f4 Be7 8. Qf3
Nbd7 9. Bc4 e5 10. Nf5 exf4 11. Nxg7+ Kf8 12. Bh6 Qa5 13. Nf5+ Ke8 14. Bxf4 Ne5
15. Bxe5 Qxe5 16. Nxe7 Qxe7 17. O-O d5 18. exd5 Qc5+ 19. Kh1 Ng4 20. Ne4 Qc7
21. d6 Qxc4 22. d7+ Kxd7 23. Qxg4+ Ke7 24. Qh4+ Kf8 25. Qh6+ Ke7 26. Qd6+ 1-0

[Event "Saginaw Sunday Quads (February)"]
[Site "Saginaw, Mich."]
[Date "1985.02.03"]
[Round "1"]
[White "Halstead, Kevin"]
[Black "Moody, David"]
[Result "0-1"]
[WhiteElo "1938"]
[BlackElo "1994"]
[PlyCount "54"]
[EventDate "1985.02.03"]

1. e4 e5 2. Nf3 Nc6 3. Bb5 a6 4. Ba4 Nf6 5. O-O Be7 6. Re1 b5 7. Bb3 O-O 8. c3
d5 9. exd5 Nxd5 10. Nxe5 Nxe5 11. Rxe5 c6 12. d4 Bd6 13. Re1 Qh4 14. g3 Qh3 15.
Qf3 Bg4 16. Qg2 Qh5 17. Nd2 Rae8 18. Rxe8 Rxe8 19. f3 Re1+ 20. Kf2 Bh3 21. Qxh3
Qxh3 22. Kxe1 Qxh2 23. Ne4 Bxg3+ 24. Nxg3 Qxg3+ 25. Ke2 Qg2+ 26. Ke1 Qg1+ 27.
Ke2 Nf4+ 0-1

[Event "Saginaw Sunday Quads (February)"]
[Site "Saginaw, Mich."]
[Date "1985.02.03"]
[Round "2"]
[White "Brattin, Vincent"]
[Black "Moody, David"]
[Result "0-1"]
[WhiteElo "1965"]
[BlackElo "1994"]
[PlyCount "48"]
[EventDate "1985.02.03"]

1. e4 e5 2. Bc4 Nf6 3. Nc3 Nxe4 4. Qh5 Nd6 5. Bb3 Nc6 6. Nb5 g6 7. Qf3 f5 8.
Qd5 Qf6 9. Nxc7+ Kd8 10. Nxa8 b6 11. d3 Bb7 12. Nf3 Nd4 13. Bg5 Nxf3+ 14. gxf3
Qxg5 15. Qxe5 Bxf3 16. Qxh8 Qe7+ 17. Kf1 Be2+ 18. Ke1 Ne8 19. Qd4 Bh6 20. f4
Bf3+ 21. Qe5 Qh4+ 22. Kf1 Bxf4 23. Qd4 Qh3+ 24. Ke1 Qg2 0-1

[Event "Saginaw Sunday Quads (March)"]
[Site "Saginaw, Mich."]
[Date "1985.03.03"]
[Round "1"]
[White "Peterson, Chris"]
[Black "Moody, David"]
[Result "0-1"]
[WhiteElo "1730"]
[BlackElo "2021"]
[PlyCount "66"]
[EventDate "1985.03.03"]

1. e4 e5 2. Nf3 Nc6 3. d4 exd4 4. Nxd4 Nf6 5. Nxc6 bxc6 6. Bd3 d5 7. Qe2 Bg4 8.
f3 Be6 9. e5 Nh5 10. g4 Bb4+ 11. c3 Qh4+ 12. Qf2 Qxf2+ 13. Kxf2 Bc5+ 14. Kg2 g6
15. gxh5 gxh5 16. h4 Kd7 17. Bg5 h6 18. Bf6 Rhg8+ 19. Kh2 Bf2 20. Rf1 Bg3+ 21.
Kh1 Bf4 22. Bh7 Rg3 23. Rg1 Rxf3 24. Na3 Bh3 25. Rg7 Rf8 26. Bg6 Rf2 27. Bxf7
Rxf7 28. Rxf7+ Ke6 29. Rg7 Bg4 30. Kg1 Be3 31. Re7+ Kf5 32. Rf1 Rf4+ 33. Rf2
Rxf2 0-1

[Event "Saginaw Sunday Quads (March)"]
[Site "Saginaw, Mich."]
[Date "1985.03.03"]
[Round "3"]
[White "Moody, David"]
[Black "Decker, Dale"]
[Result "1-0"]
[WhiteElo "2021"]
[BlackElo "1828"]
[PlyCount "81"]
[EventDate "1985.03.03"]

1. e4 d5 2. exd5 Qxd5 3. Nc3 Qa5 4. d4 Nf6 5. Bc4 c6 6. Nf3 Bg4 7. Bd2 Qc7 8.
Qe2 e6 9. h3 Bxf3 10. Qxf3 Nbd7 11. O-O-O O-O-O 12. Bf4 Bd6 13. Bg5 h6 14. Bh4
g5 15. Bg3 Bxg3 16. fxg3 Nb6 17. Bxe6+ fxe6 18. Qxf6 Qd7 19. Rhe1 Rde8 20. Ne4
Qe7 21. Qxe7 Rxe7 22. Nc5 Rhe8 23. Re2 Nd7 24. Nxd7 Kxd7 25. Rf1 e5 26. dxe5
Rxe5 27. Rf7+ R8e7 28. Rxe7+ Rxe7 29. Rxe7+ Kxe7 30. Kd2 h5 31. Ke3 Kf6 32. Ke4
a5 33. h4 b5 34. a3 c5 35. Kd5 gxh4 36. gxh4 Kf5 37. Kxc5 Kg4 38. Kxb5 Kxh4 39.
c4 Kg3 40. c5 Kxg2 41. c6 1-0

[Event "Saginaw Sunday Quads (March)"]
[Site "Saginaw, Mich."]
[Date "1985.03.03"]
[Round "2"]
[White "Brattin, Vincent"]
[Black "Moody, David"]
[Result "0-1"]
[WhiteElo "1941"]
[BlackElo "2021"]
[PlyCount "62"]
[EventDate "1985.03.03"]

1. e4 e5 2. Bc4 Nf6 3. Nc3 Bb4 4. Qf3 Nc6 5. Nge2 d6 6. h3 Be6 7. Nd5 Bxd5 8.
exd5 Ne7 9. Ng3 O-O 10. a3 Bc5 11. d3 Nd7 12. Bd2 f5 13. O-O-O Kh8 14. Bg5 Nf6
15. Bxf6 Rxf6 16. h4 c6 17. Nh5 Rf8 18. dxc6 bxc6 19. Be6 Qb6 20. Qg3 Ng6 21.
Nxg7 Bxf2 22. Qf3 Qe3+ 23. Kb1 Qxf3 24. gxf3 Kxg7 25. h5 Nf4 26. Bd7 c5 27.
Rdf1 Be3 28. Re1 Bd2 29. Reg1+ Kf6 30. c3 Rg8 31. Kc2 Be3 0-1

[Event "J.R. Capablanca Open"]
[Site "Dearborn, Mich."]
[Date "1985.03.09"]
[Round "3"]
[White "Moody, David"]
[Black "Libby, Dan"]
[Result "1-0"]
[WhiteElo "1988"]
[BlackElo "1718"]
[PlyCount "83"]
[EventDate "1985.03.09"]

1. e4 g6 2. d4 Bg7 3. Bc4 d6 4. Nf3 Nf6 5. Qe2 O-O 6. Nc3 Nc6 7. Bg5 Na5 8. Bd3
Nc6 9. O-O-O a6 10. h3 b5 11. e5 Ne8 12. Be4 Bb7 13. Bxc6 Bxc6 14. exd6 Nxd6
15. Bxe7 Bh6+ 16. Kb1 Qb8 17. Bxf8 Bxf8 18. d5 Bd7 19. Ne4 Nxe4 20. Qxe4 Qb6
21. Qe3 Qf6 22. Qe5 Qb6 23. Ng5 f6 24. Qf4 fxg5 25. Qxg5 Bg7 26. Rhe1 Qf6 27.
Qxf6 Bxf6 28. d6 c6 29. Re7 Be8 30. Re6 Bg5 31. d7 Bf7 32. Rxc6 Kg7 33. Rc8 Ra7
34. d8=Q Bxd8 35. Rcxd8 a5 36. R1d7 Ra6 37. Rd6 Ra7 38. R8d7 Ra8 39. Re6 g5 40.
Ree7 Kg6 41. Rxf7 Re8 42. Rfe7 1-0

[Event "J.R. Capablanca Open"]
[Site "Dearborn, Mich."]
[Date "1985.03.09"]
[Round "1"]
[White "Moody, David"]
[Black "DeRooij, Paul"]
[Result "1-0"]
[WhiteElo "1988"]
[BlackElo "1570"]
[PlyCount "113"]
[EventDate "1985.03.09"]

1. e4 c5 2. Nf3 d6 3. d4 cxd4 4. Nxd4 Nf6 5. Nc3 e6 6. g3 a6 7. Bg2 Be7 8. O-O
Qc7 9. Be3 Nc6 10. Nb3 O-O 11. f4 e5 12. Nd5 Nxd5 13. exd5 Na5 14. fxe5 Nc4 15.
exd6 Nxe3 16. dxc7 Nxd1 17. Rfxd1 Bd6 18. c4 b6 19. Rac1 Ra7 20. c5 bxc5 21.
Nxc5 Rxc7 22. Ne4 Rxc1 23. Rxc1 Be5 24. b4 Bd7 25. Nc5 Bb5 26. Bf1 Bd4+ 27. Kg2
Ra8 28. Nxa6 Bxf1+ 29. Kxf1 Kf8 30. d6 g6 31. d7 Rd8 32. Rc8 Ke7 33. Nb8 Be3
34. Nc6+ Kxd7 35. Rxd8+ Kxc6 36. Ke2 Bh6 37. a4 Bg7 38. Kd3 Be5 39. Kc4 f6 40.
Rd5 g5 41. Rxe5 fxe5 42. a5 e4 43. Kd4 Kb5 44. Kxe4 h6 45. Kf5 g4 46. Kxg4 h5+
47. Kxh5 Ka6 48. g4 Kb5 49. g5 Ka6 50. g6 Kb5 51. g7 Ka6 52. g8=Q Kb5 53. Qd5+
Ka4 54. a6 Kxb4 55. a7 Kc3 56. a8=Q Kb4 57. Qaa5# 1-0

[Event "J.R. Capablanca Open"]
[Site "Dearborn, Mich."]
[Date "1985.03.09"]
[Round "2"]
[White "Cody, Fred"]
[Black "Moody, David"]
[Result "1-0"]
[WhiteElo "1734"]
[BlackElo "1988"]
[PlyCount "55"]
[EventDate "1985.03.09"]

1. e4 e5 2. Nf3 Nc6 3. Bb5 a6 4. Ba4 Nf6 5. O-O Be7 6. Qe2 b5 7. Bb3 O-O 8. a4
Bb7 9. d3 d6 10. axb5 axb5 11. Rxa8 Qxa8 12. Nc3 Na5 13. Nxb5 Nxb3 14. cxb3 Qa5
15. Nc3 Nd7 16. Bd2 Qb6 17. b4 c5 18. bxc5 Nxc5 19. Be3 f5 20. d4 fxe4 21. dxc5
exf3 22. Qc4+ d5 23. Nxd5 Qd8 24. Nxe7+ Kh8 25. Bg5 Qa8 26. Qh4 Qa6 27. c6 Ra8
28. gxf3 1-0

[Event "J.R. Capablanca Open"]
[Site "Dearborn, Mich."]
[Date "1985.03.10"]
[Round "5"]
[White "Moody, David"]
[Black "Sledge, Ernest"]
[Result "1-0"]
[WhiteElo "1988"]
[BlackElo "1673"]
[PlyCount "79"]
[EventDate "1985.03.09"]

1. e4 c5 2. Nf3 Nc6 3. d4 g6 4. d5 Nb8 5. Nc3 Bg7 6. Be2 a6 7. a4 d6 8. O-O Nd7
9. Bg5 Ngf6 10. Nd2 O-O 11. f4 e6 12. Nc4 Qc7 13. dxe6 fxe6 14. Qxd6 Qxd6 15.
Nxd6 Ne8 16. Nxc8 Rxc8 17. Bc4 Rc6 18. a5 Kh8 19. Rad1 Bd4+ 20. Kh1 Ndf6 21. e5
Ng4 22. Ne4 Ne3 23. c3 Nxf1 24. Rxf1 Bxe5 25. fxe5 Rxf1+ 26. Bxf1 Kg7 27. Bc4
Kf7 28. Be3 Nc7 29. Nd6+ Ke7 30. Nxb7 Nd5 31. Bxc5+ Kd7 32. Bxd5 exd5 33. Bd6
Ke8 34. Nc5 Rc8 35. Kg1 Rc6 36. Kf2 Kf7 37. Ke3 g5 38. Kd4 Rxc5 39. Kxc5 Ke6
40. Kb6 1-0

[Event "J.R. Capablanca Open"]
[Site "Dearborn, Mich."]
[Date "1985.03.10"]
[Round "4"]
[White "Davis, Jerry"]
[Black "Moody, David"]
[Result "0-1"]
[WhiteElo "1736"]
[BlackElo "1988"]
[PlyCount "42"]
[EventDate "1985.03.09"]

1. e4 e5 2. Nf3 Nc6 3. d4 exd4 4. Nxd4 Nf6 5. Nxc6 bxc6 6. Bd3 d5 7. e5 Nd7 8.
f4 Bc5 9. c3 Qh4+ 10. g3 Qh3 11. Qf3 O-O 12. Be3 Bxe3 13. Qxe3 Qg2 14. Rg1 Qxb2
15. Qd2 Qxa1 16. Kf2 Rb8 17. Kf3 Rb2 18. Qe3 Qxa2 19. e6 fxe6 20. Qxe6+ Kh8 21.
Qxc6 Ne5+ 0-1

[Event "East Detroit Tornado (March)"]
[Site "East Detroit, Mich."]
[Date "1985.03.16"]
[Round "1"]
[White "Moody, David"]
[Black "Keeley, Gary"]
[Result "1-0"]
[WhiteElo "1988"]
[BlackElo "1328"]
[PlyCount "31"]
[EventDate "1985.03.16"]

1. e4 c5 2. Nf3 e6 3. d3 Nc6 4. g3 b6 5. Bg2 Bb7 6. O-O d6 7. c3 e5 8. Na3 b5
9. Nxb5 Nf6 10. Qb3 Be7 11. Nxd6+ Bxd6 12. Qxb7 Ne7 13. Qb5+ Nd7 14. Bh3 f5 15.
Ng5 Rb8 16. Qc4 1-0

[Event "East Detroit Tornado (March)"]
[Site "East Detroit, Mich."]
[Date "1985.03.16"]
[Round "3"]
[White "Moody, David"]
[Black "Golonka, Stan"]
[Result "0-1"]
[WhiteElo "1988"]
[BlackElo "1459"]
[PlyCount "62"]
[EventDate "1985.03.16"]

1. e4 c5 2. Nf3 d6 3. d4 cxd4 4. Nxd4 Nf6 5. Nc3 a6 6. g3 e6 7. Bg2 Be7 8. Be3
Qc7 9. O-O Nc6 10. f4 O-O 11. Nb3 Rb8 12. Qe2 b5 13. e5 Nd7 14. exd6 Bxd6 15.
Ne4 Be7 16. Nd4 Bb7 17. a4 Nxd4 18. Bxd4 Qc4 19. Qe3 bxa4 20. Rfd1 Rfd8 21. Nd2
Qc7 22. Rxa4 Bxg2 23. Rc4 Qb7 24. Qc3 Rbc8 25. Bxg7 Bh3 26. Kf2 Qg2+ 27. Ke1
Qg1+ 28. Ke2 Qxh2+ 29. Ke1 Rxc4 30. Nxc4 Qg1+ 31. Kd2 Nc5+ 0-1

[Event "East Detroit Tornado (March)"]
[Site "East Detroit, Mich."]
[Date "1985.03.16"]
[Round "4"]
[White "Mellen, Steve"]
[Black "Moody, David"]
[Result "0-1"]
[WhiteElo "1415"]
[BlackElo "1988"]
[PlyCount "96"]
[EventDate "1985.03.16"]

1. e4 e5 2. Nf3 Nc6 3. Bc4 Nf6 4. Nc3 Nxe4 5. Bxf7+ Kxf7 6. Nxe4 d5 7. Nc3 Bc5
8. Nxe5+ Nxe5 9. d4 Re8 10. O-O Ng4 11. dxc5 d4 12. Qf3+ Kg8 13. Qd5+ Be6 14.
Qxd8 Raxd8 15. Nb5 Bc4 16. Nxc7 Re7 17. Bg5 Rdd7 18. Bxe7 Rxe7 19. Rfe1 Rxc7
20. Re4 Nf6 21. Rxd4 Rxc5 22. Re1 Bxa2 23. Re7 Rd5 24. Rxd5 Bxd5 25. c4 Kf8 26.
Rc7 Bc6 27. b4 Ne8 28. Rc8 a6 29. Rd8 Ke7 30. Rd3 Nd6 31. Re3+ Kf6 32. c5 Nf5
33. Rh3 h6 34. Rd3 Ke5 35. g3 Nd4 36. f4+ Ke4 37. Rd1 Ke3 38. Re1+ Ne2+ 39. Kf1
Bb5 40. Kg2 Bc6+ 41. Kh3 Kf2 42. Rd1 Bf3 43. Rd7 g5 44. fxg5 hxg5 45. Rd1 Ng1+
46. Rxg1 Kxg1 47. g4 Kf2 48. b5 Bg2# 0-1